000 00873nam a2200205Ia 4500
003 OSt
005 20250714125231.0
008 210210b2003 xxu||||| |||| 00| 0 eng d
040 _cAL
041 _aKannada
082 _aK894.8 SAMA
100 _aSAMAGRA DASA SAHITYA.
_9151160
_dಸಮಗ್ರ ದಾಸ ಸಾಹಿತ್ಯ
245 _aSamagra dasa sahitya: samputa; 25, Chidananda avadhutaru mattu keladi venkanna kavi kirtanegalu.
_bಸಮಗ್ರ ದಾಸ ಸಾಹಿತ್ಯ : ಸಂಪುಟ ೨೫, ಚಿದಾನಂದ ಅವಧೂತರು ಮತ್ತು ಕೆಳದಿ ವೆಂಕಣ್ಣ ಕವಿ ಕೀರ್ತನೆಗಳು
260 _aBengaluru
_bKannada mattu Samskrati Nirdeshanalalya
_c2003
300 _a62,479
650 _aDasasahitya
_9151161
690 _aKannada Miscellaneous
_9151162
906 _a059400
942 _2ddc
_cBK
999 _c106531
_d106531